00600nam a2200157 a 450000100100000000500170001000800410002704000250006808200150009310000180010824000620012624501350018826000460032330000210036970000520039000003497120200930074023.0111024s1955 ag a 000 0 spa d aDO-SdBNPbspacBNPHU axxxxbB3381 aBaudin, Louis10aLa vie quotidienne au temps des derniers IncaslEspañol13aLa vida cotidiana en el tiempo de los últimos Incas. /cLouis Baudin ; traducción de Celia Beatriz Pierini de Pagés Larraya. aBuenos Aires :bLibreria Hachette,c1955. a311 p. ;c22 cm.1 aPierini de Pagés Larraya, Celia Beatriz,etr.